Guessing the Taylor Swift Song 22 - Statistics

General Stats
  • This quiz has been taken 38 times
  • The average score is 216 of 282
Answer Stats
Answer % Correct
a
100%
I
100%
the
100%
But
96%
have
96%
I'm
96%
is
96%
It
96%
To
96%
to
96%
And
92%
and
92%
like
92%
me
92%
when
92%
you
92%
You
92%
be
88%
For
88%
It's
88%
it's
88%
its
88%
know
88%
we
88%
We
88%
we're
88%
we're...
88%
We're
88%
don't
85%
Everything
85%
if
85%
I'll
85%
just
85%
love
85%
of
85%
This
85%
time
85%
too
85%
Too
85%
in
81%
night
81%
want
81%
about
77%
alright
77%
at
77%
feels
77%
oh
77%
with
77%
Yeah
77%
yeah
77%
yeah...
77%
22
73%
22,
73%
dancing
73%
feeling
73%
keep
73%
make
73%
next
73%
one
73%
perfect
73%
bet
69%
fall
69%
fun
69%
our
69%
up
69%
will
69%
cool
65%
dress
65%
exes
65%
kids
65%
magical,
65%
same
65%
seems
65%
those
65%
won't
65%
forget
62%
free,
62%
happy,
62%
hipsters
62%
lonely
62%
many
62%
midnight
62%
best
58%
breakfast
58%
confused
58%
crowded
58%
look
58%
miserable
58%
nights
58%
place
58%
strangers
58%
way
58%
sleeping,
54%
sleeping
54%
bad
50%
deadlines,
50%
dreaming
50%
end
50%
gotta
50%
instead
50%
Tonight's
50%
ditch
46%
news
46%
scene
46%
whole
46%
Ah,
42%
ah,
42%
ah.
42%
heartbreaks,
35%
No matching quizzes found
Score Distribution
Percent of People with Each Score
Percentile by Number Answered
Your Score History
You have not taken this quiz